000 01069nam a2200253 a 4500
001 40629
003 BD-RjUL
005 20211209053244.0
008 160507s1995 bg ||||| |||| 00| 0 ben d
020 _c: Tk. 20.00
035 _a(BD-RjUL) 40744
040 _aBD-RjUL
_bben
_cBD-RjUL
041 _aeng
041 _aben
082 _223
_a220.1
_bDEB 1995
100 _aদিদাত, আহমদ
_9125038
245 1 0 _aবাইবেল কি খোদার বাণী ? /
_cআহমদ দিদাত ; অনুবাদক : কাজী সাইফুদ্দীন হোসেন
260 _aঢাকা :
_bকাজী সাইফুদ্দীন হোসেন,
_c১৯৯৫ (১৪১৬ হিজরী)
300 _a৫৯ পৃ. ;
_c২০ সেমি.
650 _aবাইবেল
_xউৎপত্তি ও সত্যতা
_9125032
650 _aBible
_xOrigins and Authenticity
_9125032
700 _aহোসেন, কাজী সাইফুদ্দীন, অনুবাদক
_9125039
942 _2ddc
_cBK
999 _c40629
_d40629